000 00288nam a22001337a 4500
008 170522b xxu||||| |||| 00| 0 eng d
020 _a9781595584748
041 _aeng
080 _a94(100)
100 _a16
101 _aSHH
245 _aTHREE KINGS
_cGARDNER, LL.C
942 _2udc
_cBK
999 _c13772
_d13772